Insectos en girasol : polinizadores, fitófagos y entomófagos /

Guardado en:
Autor Principal: Vitti Scarel, Daniela.
Autor Corporativo: Instituto Nacional de Tecnología Agropecuaria (Argentina)
Formato: Libro
Idioma:Spanish
Publicado: Buenos Aires : Ediciones INTA, 2008.
Acceso en línea:Texto completo
Etiquetas: Agregar Etiqueta
Sin Etiquetas, Sea el primero en etiquetar este registro!
LEADER 01252nam a22001935a 4500
001 EEA.libagro008451
005 20171002085340.0
008 130809s2008####ag#a##########000#0#spa#d
020 |z 9789875213227 
082 0 4 |a 633.85 
100 1 |a Vitti Scarel, Daniela. 
245 1 0 |a Insectos en girasol :  |b polinizadores, fitófagos y entomófagos /  |c Daniela Vitti ... [et al.]. 
260 |a Buenos Aires :  |b Ediciones INTA,  |c 2008. 
300 |a 56 p. :  |b fot. col. ;  |c 21 cm. 
505 0 |a 1. Introducción -- 2. Beneficios por insectos polinizadores en girasol -- 3. Polen y néctar del girasol como fuente de alimentación -- para los insectos benéficos -- 4. Insectos polinizadores, fitófagos, niveles de daño y enemigos naturales -- 5. Principales plagas en las distintas etapas del cultivo -- 6. Consideraciones finales -- 7. Bibliografía -- 8. Anexo: Productos registrados en SENASA para control de insectos perjudiciales, con detalles de toxicidad y peligrosidad para abejas 
530 |a Disponible también en línea. 
710 2 |a Instituto Nacional de Tecnología Agropecuaria (Argentina) 
856 |u https://inta.gob.ar/sites/default/files/script-tmp-insectos%5Fen%5Fgirasol.pdf  |3 Texto completo 
859 |a AR-BbBCA  |b BIB. AGRONOMIA  |h 633.85  |i V851  |p 2011/5864